Normal view
MARC view
- Navarro Corona, Claudia
Entry Nombre Personal
001 - NUMERO DE CONTROL
- campo de control: 39508
003 - IDENTIFICADOR DE NUMERO DE CONTROL
- campo de control: UPN
005 - FECHA Y HORA DE LA ÜLTIMA TRANSACCIÓN
- campo de control: 20210219194546.0
008 - DATOS DE LONGITUD FIJA
- campo de control de longitud fija: nabaccnnaabn|||||||||| b |nc|||||d
035 ## - NUMERO DE CONTROL
- Número de control: UPN11000011615
040 ## - FUENTE DE CATALOGACIÓN
- Lenguaje de catalogación: SPA
- Agencia de transcripción: UPN
100 1# - ENCABEZAMIENTO - NOMBRE PERSONAL
- Nombre personal: Navarro Corona, Claudia
670 ## - FUENTE EN LA QUE SE LOCALIZARON DATOS
- Cita de la fuente: T
- Uniform Resource Identifier: http://www.crfdies.edu.mx/sitiov2/curriculum/CV-Claudia-Navarro.pdf
680 ## - NOTA PUBLICA DE ACCESO PÚBLICO
- Frase explicativa de la referencia: Egresada de la Universidad Autónoma de Baja California, en donde obtuvo los grados de Maestría y Doctorado en Ciencias Educativas
902 ## - CATALOGADOR
- Catalogador: MCM/281116
